mirrored heart Lyrics (FKA twigs) - Statistics

General Stats
  • This quiz has been taken 16 times
  • The average score is 261 of 300
Answer Stats
Answer % Correct
A
100%
a
100%
And
100%
ever
100%
heart
100%
I'm
100%
mirrored
100%
No,
100%
no,
100%
not
100%
see
100%
the
100%
time
100%
who
100%
you
100%
for
92%
It's
92%
it's
92%
just
92%
They
92%
they
92%
to
92%
up
92%
all
83%
all?
83%
away
83%
But
83%
Did
83%
life
83%
lovers
83%
me
83%
me?
83%
me,
83%
never
83%
ooh
83%
remind
83%
trying
83%
with
83%
without
83%
about
75%
again
75%
give
75%
gonna
75%
pain
75%
probably
75%
rush
75%
think
75%
this
75%
truly
75%
want
75%
chase
67%
found
67%
fuck
67%
gain
67%
take
67%
That's
67%
were
67%
Were
67%
Why
67%
Ah,
58%
ah,
58%
ah
58%
breath
58%
Though
58%
though
58%
sure?
50%
sure
50%
push
25%
No matching quizzes found
Score Distribution
Percent of People with Each Score
Percentile by Number Answered
Your Score History
You have not taken this quiz